00738nam a22001937a 4500999001900000005001700019010001500036020002800051035001400079037001300093082001000106100002000116245007600136260004800212270008700260300004900347942002400396952012400420 c193549d19354920221102123111.0 aENG-135597 a9788173414831 c1295.00 aEN-119129 bDBAD/PUB a305.4 aSrivastav, V.P. aWomen empowerment in india:bissues and challenges/ cby V.P. Srivastav aDelhibIndian publishers distributorsc2011 a166-D, Kamla nagarbDelhie110007k011-23846233mipd@mailandnews.coml011-23846233 aviii; 613p.c23cm(pbk)bBibliography & Index 2ddccENmSRIh305.4 001040708NFICaRKPbRKPd2022-11-02eDBAD/PUBg1295.00l0o305.4 SRIpEN-119129r2022-11-02 00:00:00t1v1295.00yEN